Statistiques concernant Devinez le Pays Mystère #52

Cliquez ici pour prendre le quiz!

Statistiques générales

  • Ce quiz a été pris 398 fois
  • Le résultat moyen est 7 sur 11

Statistiques - réponses

Type de RéponseRéponse% Correct
Lettre TrouvéeÈ
98%
Lettre Bien PlacéeE
86%
Lettre TrouvéeU
63%
Lettre TrouvéeD
60%
Lettre TrouvéeE
58%
Lettre Bien PlacéeÈ
57%
Lettre Bien PlacéeS
53%
Lettre TrouvéeS
53%
Lettre Bien PlacéeD
47%
Pays MystèreSuède
47%
Lettre Bien PlacéeU
47%

Distribution des résultats

Percentile par nombre de réponses

% des personnes avec chaque résultat

Votre développement - résultats

Vous n’avez pas pris ce quiz